<?xml version="1.0" encoding="UTF-8"?>
<collection xmlns="http://www.loc.gov/MARC21/slim">
 <record>
  <leader>02323nam a22003017a 4500</leader>
  <controlfield tag="001">NCT_269</controlfield>
  <controlfield tag="008">170927b        xxu||||| |||| 00| 0 vie d</controlfield>
  <datafield tag="999" ind1=" " ind2=" ">
   <subfield code="c">14</subfield>
   <subfield code="d">14</subfield>
  </datafield>
  <datafield tag="020" ind1=" " ind2=" ">
   <subfield code="a">9786049500169</subfield>
   <subfield code="c">115000</subfield>
  </datafield>
  <datafield tag="082" ind1="0" ind2="4">
   <subfield code="2">23rd ed.</subfield>
   <subfield code="a">371.334028553</subfield>
   <subfield code="b">H523</subfield>
  </datafield>
  <datafield tag="100" ind1="1" ind2=" ">
   <subfield code="a">Phạm Quang Huy</subfield>
  </datafield>
  <datafield tag="245" ind1="1" ind2="0">
   <subfield code="a">Soạn bài giảng tương tác với Powerpoint - Visual basic - Quiz builder và Adobe flash : </subfield>
   <subfield code="b">Ứng dụng tin học triển khai có hiệu quả chương trình CDIO - HEEAP và AUN </subfield>
   <subfield code="c">Phạm Quang Huy, Trần Thanh Thưởng, Trương Minh Trí</subfield>
  </datafield>
  <datafield tag="260" ind1=" " ind2=" ">
   <subfield code="a">Hà Nội</subfield>
   <subfield code="b">Bách khoa Hà Nội</subfield>
   <subfield code="c">2016</subfield>
  </datafield>
  <datafield tag="300" ind1=" " ind2=" ">
   <subfield code="a">421 tr.</subfield>
   <subfield code="b">Minh hoạ</subfield>
   <subfield code="c">24 cm</subfield>
  </datafield>
  <datafield tag="490" ind1="0" ind2=" ">
   <subfield code="a">Tủ sách STK</subfield>
  </datafield>
  <datafield tag="520" ind1="3" ind2=" ">
   <subfield code="a">Nội dung tài liệu hướng dẫn giáo viên thực hành soạn trắc nghiệm, soạn bài giảng tương tác, làm mô hình động với chương trình Quiz builder, Visual basic và Adobe flash chạy trên nền Powerpoint 2007, 2010, 2013 hay 2016</subfield>
  </datafield>
  <datafield tag="655" ind1=" " ind2=" ">
   <subfield code="a">Bài giảng</subfield>
  </datafield>
  <datafield tag="700" ind1="1" ind2=" ">
   <subfield code="a">Trương Minh Trí</subfield>
  </datafield>
  <datafield tag="700" ind1="1" ind2=" ">
   <subfield code="a">Trần Thanh Thưởng</subfield>
  </datafield>
  <datafield tag="942" ind1=" " ind2=" ">
   <subfield code="2">ddc</subfield>
   <subfield code="c">BK</subfield>
  </datafield>
  <datafield tag="952" ind1=" " ind2=" ">
   <subfield code="0">0</subfield>
   <subfield code="1">0</subfield>
   <subfield code="2">ddc</subfield>
   <subfield code="4">0</subfield>
   <subfield code="6">371_334028553000000_H523</subfield>
   <subfield code="7">0</subfield>
   <subfield code="9">7</subfield>
   <subfield code="a">000001</subfield>
   <subfield code="b">000001</subfield>
   <subfield code="d">2017-09-27</subfield>
   <subfield code="o">371.334028553 H523</subfield>
   <subfield code="p">MD.00005</subfield>
   <subfield code="r">2017-09-27</subfield>
   <subfield code="v">115000.00</subfield>
   <subfield code="w">2017-09-27</subfield>
   <subfield code="y">BK</subfield>
  </datafield>
  <datafield tag="952" ind1=" " ind2=" ">
   <subfield code="0">0</subfield>
   <subfield code="1">0</subfield>
   <subfield code="2">ddc</subfield>
   <subfield code="4">0</subfield>
   <subfield code="6">371_334028553000000_H523</subfield>
   <subfield code="7">0</subfield>
   <subfield code="9">55</subfield>
   <subfield code="a">000001</subfield>
   <subfield code="b">000001</subfield>
   <subfield code="d">2017-09-30</subfield>
   <subfield code="o">371.334028553 H523</subfield>
   <subfield code="p">MD.00030</subfield>
   <subfield code="r">2018-03-19</subfield>
   <subfield code="v">115000.00</subfield>
   <subfield code="w">2017-09-30</subfield>
   <subfield code="y">BK</subfield>
  </datafield>
  <datafield tag="952" ind1=" " ind2=" ">
   <subfield code="0">0</subfield>
   <subfield code="1">0</subfield>
   <subfield code="2">ddc</subfield>
   <subfield code="4">0</subfield>
   <subfield code="6">371_334028553000000_H523</subfield>
   <subfield code="7">0</subfield>
   <subfield code="9">56</subfield>
   <subfield code="a">000001</subfield>
   <subfield code="b">000001</subfield>
   <subfield code="d">2017-09-30</subfield>
   <subfield code="o">371.334028553 H523</subfield>
   <subfield code="p">MD.00061</subfield>
   <subfield code="r">2017-09-30</subfield>
   <subfield code="v">115000.00</subfield>
   <subfield code="w">2017-09-30</subfield>
   <subfield code="y">BK</subfield>
  </datafield>
  <datafield tag="952" ind1=" " ind2=" ">
   <subfield code="0">0</subfield>
   <subfield code="1">0</subfield>
   <subfield code="2">ddc</subfield>
   <subfield code="4">0</subfield>
   <subfield code="6">371_334028553000000_H523</subfield>
   <subfield code="7">0</subfield>
   <subfield code="9">14544</subfield>
   <subfield code="a">000001</subfield>
   <subfield code="b">000001</subfield>
   <subfield code="d">2018-10-17</subfield>
   <subfield code="o">371.334028553 H523</subfield>
   <subfield code="p">MD.13573</subfield>
   <subfield code="r">2018-10-17</subfield>
   <subfield code="v">115000.00</subfield>
   <subfield code="w">2018-10-17</subfield>
   <subfield code="y">BK</subfield>
  </datafield>
  <datafield tag="952" ind1=" " ind2=" ">
   <subfield code="0">0</subfield>
   <subfield code="1">0</subfield>
   <subfield code="2">ddc</subfield>
   <subfield code="4">0</subfield>
   <subfield code="6">371_334028553000000_H523</subfield>
   <subfield code="7">0</subfield>
   <subfield code="9">14545</subfield>
   <subfield code="a">000001</subfield>
   <subfield code="b">000001</subfield>
   <subfield code="d">2018-10-17</subfield>
   <subfield code="o">371.334028553 H523</subfield>
   <subfield code="p">MD.13574</subfield>
   <subfield code="r">2018-10-17</subfield>
   <subfield code="v">115000.00</subfield>
   <subfield code="w">2018-10-17</subfield>
   <subfield code="y">BK</subfield>
  </datafield>
  <datafield tag="952" ind1=" " ind2=" ">
   <subfield code="0">0</subfield>
   <subfield code="1">0</subfield>
   <subfield code="2">ddc</subfield>
   <subfield code="4">0</subfield>
   <subfield code="6">371_334028553000000_H523</subfield>
   <subfield code="7">0</subfield>
   <subfield code="9">14546</subfield>
   <subfield code="a">000001</subfield>
   <subfield code="b">000001</subfield>
   <subfield code="d">2018-10-17</subfield>
   <subfield code="o">371.334028553 H523</subfield>
   <subfield code="p">MD.13575</subfield>
   <subfield code="r">2018-10-17</subfield>
   <subfield code="v">115000.00</subfield>
   <subfield code="w">2018-10-17</subfield>
   <subfield code="y">BK</subfield>
  </datafield>
  <datafield tag="952" ind1=" " ind2=" ">
   <subfield code="0">0</subfield>
   <subfield code="1">0</subfield>
   <subfield code="2">ddc</subfield>
   <subfield code="4">0</subfield>
   <subfield code="6">371_334028553000000_H523</subfield>
   <subfield code="7">0</subfield>
   <subfield code="9">14547</subfield>
   <subfield code="a">000001</subfield>
   <subfield code="b">000001</subfield>
   <subfield code="d">2018-10-17</subfield>
   <subfield code="o">371.334028553 H523</subfield>
   <subfield code="p">MD.13576</subfield>
   <subfield code="r">2018-10-17</subfield>
   <subfield code="v">115000.00</subfield>
   <subfield code="w">2018-10-17</subfield>
   <subfield code="y">BK</subfield>
  </datafield>
  <datafield tag="980" ind1=" " ind2=" ">
   <subfield code="a">Thư viện Trường Đại học Nam Cần Thơ</subfield>
  </datafield>
 </record>
</collection>
